<?xml version="1.0" encoding="UTF-8"?><?xml-stylesheet type="text/xsl" href="static/style.xsl"?><OAI-PMH xmlns="http://www.openarchives.org/OAI/2.0/" xmlns:xsi="http://www.w3.org/2001/XMLSchema-instance" xsi:schemaLocation="http://www.openarchives.org/OAI/2.0/ http://www.openarchives.org/OAI/2.0/OAI-PMH.xsd"><responseDate>2026-06-01T09:07:10Z</responseDate><request verb="GetRecord" identifier="oai:riuma.uma.es:10630/45648" metadataPrefix="marc">https://riuma.uma.es/rest/oai/request</request><GetRecord><record><header><identifier>oai:riuma.uma.es:10630/45648</identifier><datestamp>2026-02-24T00:45:56Z</datestamp><setSpec>com_10630_2254</setSpec><setSpec>col_10630_37953</setSpec></header><metadata><record xmlns="http://www.loc.gov/MARC21/slim" xmlns:dcterms="http://purl.org/dc/terms/" xmlns:doc="http://www.lyncode.com/xoai" xmlns:xsi="http://www.w3.org/2001/XMLSchema-instance" xsi:schemaLocation="http://www.loc.gov/MARC21/slim http://www.loc.gov/standards/marcxml/schema/MARC21slim.xsd">
   <leader>00925njm 22002777a 4500</leader>
   <datafield ind2=" " ind1=" " tag="042">
      <subfield code="a">dc</subfield>
   </datafield>
   <datafield ind2=" " ind1=" " tag="720">
      <subfield code="a">Pérez-Rufi, José Patricio</subfield>
      <subfield code="e">author</subfield>
   </datafield>
   <datafield ind2=" " ind1=" " tag="260">
      <subfield code="c">2026-02-20</subfield>
   </datafield>
   <datafield ind2=" " ind1=" " tag="520">
      <subfield code="a">Este trabajo define las ventanas de distribución como la secuencia de explotación de una obra audiovisual en distintos canales, organizada por plazos de disponibilidad y, a menudo, por periodos de exclusividad. Explica que este sistema ordena la cadena de valor y permite capturar ingresos diferenciados según el tipo de público y su disposición a pagar, con la sala como primera etapa de lanzamiento, visibilidad e ingreso principal. Se describe la transformación reciente del modelo a partir del crecimiento del vídeo bajo demanda y de la integración de plataformas en las estrategias de los grandes estudios, que ha introducido fórmulas como TVOD, PVOD, SVOD y AVOD y ha favorecido el acortamiento y la reordenación de las ventanas. Sitúa la pandemia como punto de inflexión, al acelerar decisiones industriales que redujeron la exclusividad teatral y consolidaron calendarios más breves. El trabajo ofrece una tipología operativa de ventanas, compara marcos regulatorios en Europa y tendencias en Estados Unidos y analiza el caso español desde la negociación contractual, la presión de las plataformas y una recuperación de taquilla aún inestable, con efectos sobre la diversidad cultural y la sostenibilidad del sector.</subfield>
   </datafield>
   <datafield ind2=" " ind1=" " tag="520">
      <subfield code="a">The document defines distribution windows as the sequential exploitation of an audiovisual work across different channels, structured around availability timeframes and, often, periods of exclusivity. It explains that this system organises the value chain and enables differentiated revenue capture according to audience segments and their willingness to pay, with the cinema theatrical release as the first stage for launch, visibility and primary income. It describes the model’s recent transformation driven by the growth of video-on-demand and the incorporation of platforms into the strategies of the major studios, which has introduced formats such as TVOD, PVOD, SVOD and AVOD and has encouraged shorter, reconfigured windows. The pandemic is presented as a turning point, accelerating industrial decisions that curtailed theatrical exclusivity and consolidated tighter release schedules. The text provides an operational typology of windows, compares regulatory frameworks in Europe and trends in the United States, and examines the Spanish case through contractual negotiation, platform pressure and a box-office recovery that remains unstable, with implications for cultural diversity and the sector’s sustainability.</subfield>
   </datafield>
   <datafield ind1="8" ind2=" " tag="024">
      <subfield code="a">Pérez-Rufí, J. P. (2026). Ventanas de distribución del cine y del audiovisual. Zenodo.</subfield>
   </datafield>
   <datafield ind1="8" ind2=" " tag="024">
      <subfield code="a">https://hdl.handle.net/10630/45648</subfield>
   </datafield>
   <datafield ind1="8" ind2=" " tag="024">
      <subfield code="a">10.5281/zenodo.18715804</subfield>
   </datafield>
   <datafield tag="653" ind2=" " ind1=" ">
      <subfield code="a">Industria cultural</subfield>
   </datafield>
   <datafield tag="653" ind2=" " ind1=" ">
      <subfield code="a">Industria audiovisual</subfield>
   </datafield>
   <datafield tag="653" ind2=" " ind1=" ">
      <subfield code="a">Películas cinematográficas - Distribución</subfield>
   </datafield>
   <datafield tag="653" ind2=" " ind1=" ">
      <subfield code="a">Empresas de plataformas digitales</subfield>
   </datafield>
   <datafield ind2="0" ind1="0" tag="245">
      <subfield code="a">Ventanas de distribución del cine y del audiovisual</subfield>
   </datafield>
</record>
</metadata></record></GetRecord></OAI-PMH>